00915cam a2200253 a 4500999001500000001000600015003000900021005001700030008004100047020001800088040003800106082002000144100002400164245006600188260003800254300004800292504005100340650003600391650003900427700002300466710004200489942001200531952011800543 c3288d328815779BD-DhUAP20210130164525.0200303s1998 bg abf b f000 0 eng  a9788174361356 aBD-DhUAPcBD-DhUAPdBD-DhUAPbEng a759.954 SAR223 aSarkar, Aditi Nath. aKalighat paintings /cAditi Nath Sarkar and Christine Mackay. aNew Delhi : bRoli Books,cc2000. aunnumbered pages :billustrations ;c17 cm. aIncludes bibliographical references and index. aPainting zIndia--West Bengal  aPainting, Bengali zIndia--Kolkata aMackay, Christine  aNational Museums & Galleries of Wales 2ddccBK 00102ddc4070aUAPCLbUAPCLcGeneral Stacksd2020-03-03o759.954 SARp3010015779r2020-03-03t1w2020-03-03yBK